| 000 | 01525cam a2200217 4500 | ||
|---|---|---|---|
| 008 | 040806n2004 000 0 eng u | ||
| 035 | _a(Sirsi) u127025 | ||
| 245 | _aOcean Leisure Ltd v Westminster City Council | ||
| 260 | _c2004 | ||
| 490 |
_aRating and Valuation Reporter _v[2004] RVR 145-153(9) |
||
| 520 | _aLCA/30/2003, 3 February 2004. Under the River Thames (Hungerford Bridge) Order 1999, statutory powers were given for the construction of two footbridges across the river on either side of the Hungerford railway bridge. During the construction works, hoardings were erected in Northumberland Avenue and Victoria Embankment outside claimant O's premises leaving only a narrow passage between hoardings and O's shop frontages. The frontages were also obscured from view. O sought compensation (based on diminution in rental value) under the Compulsory Purchase Act 1965 s10 (as applied by Art 6 of the 1999 Order). O's claim for injurious affection was allowed on the grounds that in absence of statutory powers it would have had a right of action in public nuisance in respect of the obstruction of the highway by the hoardings. | ||
| 650 | _aWESTMINSTER LBC V OCEAN LEISURE LTD | ||
| 650 | _aCOMPULSORY PURCHASE ACT 1965 S10 | ||
| 650 | _aINJURIOUS AFFECTION | ||
| 650 | _aHOARDINGS | ||
| 650 | _aOBSTRUCTION | ||
| 650 | _aDIMUNITION IN VALUE | ||
| 650 | _aHIGHWAY ACCESS | ||
| 690 | _aENVIRONMENTAL AND LAND CONSULTANCY-PLANNING AND DEVELOPMENT-COMPULSORY PURCHASE AND COMPENSATION | ||
| 942 | _n0 | ||
| 999 |
_c74493 _d74493 |
||